| 000 | 00994nam a22003135a 4500 | ||
|---|---|---|---|
| 001 | 017372172 | ||
| 003 | OSt | ||
| 005 | 20201128023708.0 | ||
| 008 | 150518t2016 enka frbd 001 0 eng d | ||
| 020 | _a9781292096650 (pbk.) | ||
| 020 | _a1292096659 (pbk.) | ||
| 040 |
_aStDuBDS _beng _cStDuBDS _dEG-ScBUE |
||
| 082 | 0 | 4 |
_a658 _bCER _222 |
| 100 | 1 |
_aCerto, Samuel C. _939175 |
|
| 245 | 1 | 0 |
_aModern management : _bconcepts and skills / _cSamuel C. Certo, S. Trevis Certo. |
| 250 | _a14th ed., Global ed. | ||
| 260 |
_aHarlow : _bPearson Education Limited, _cc.2016. |
||
| 300 |
_a575 p. : _bill. (col.) ; _c28 cm. |
||
| 500 | _aPrevious edition : 2014. | ||
| 500 | _aIncludes internet access. | ||
| 500 | _aIncludes glossary. | ||
| 504 | _aIncludes bibliographical references and index. | ||
| 650 | 7 |
_aIndustrial management. _2BUEsh _91569 |
|
| 650 | 7 |
_aManagement. _2BUEsh _9553 |
|
| 651 | _2BUEsh | ||
| 653 |
_bBUSADM _cMarch2016 |
||
| 700 | 1 |
_aCerto, S. Trevis. _939697 |
|
| 942 | _2ddc | ||
| 999 |
_c21526 _d21498 |
||